Music Quiz

Random Music or Song Quiz

'Like a Virgin' Lyrics Quiz Stats

 Plays Quiz Updated Jul 30, 2013

Score 0/183 Timer 06:00
1 Play Today
% Correct
[Chorus]
99.8%
[Chorus]
99.8%
a
99.2%
a
99.2%
a
99.2%
a
99.2%
Like
98.8%
Like
98.8%
Like
98.8%
Like
98.8%
virgin,
98.6%
virgin,
98.6%
virgin.
98.6%
virgin.
98.6%
the
98.1%
the
98.1%
the
98.1%
the
98.1%
for
95.8%
for
95.8%
for
95.8%
time.
95.8%
time.
95.8%
time?
95.8%
first
95.6%
first
95.6%
very
95.4%
very
95.4%
I
93.6%
I
93.6%
I
93.6%
I
93.6%
I
93.6%
I
93.6%
to
93.6%
to
93.6%
you.
92.4%
you
92.4%
you
92.4%
you
92.4%
you
92.4%
you
92.4%
you
92.4%
you
92.4%
you
92.4%
you
92.4%
you
92.4%
touched
91.8%
be
84.1%
me
83.6%
me
83.6%
me
83.6%
me
83.6%
me
83.6%
me
83.6%
me,
83.6%
me.
83.6%
your
80.4%
your
80.4%
your
80.4%
your
80.2%
% Correct
mine.
80%
mine.
80%
mine.
80%
and
79.2%
and
79.2%
and
79.2%
and
79.2%
and
79.2%
and
79.2%
and
79.2%
Oooh
79.1%
Oooh
79%
Oh
78.9%
it
78.3%
it
78.3%
it
78.3%
hear
78.1%
heart
77.9%
heart
77.9%
heart
77.9%
beat,
77.5%
beat
77.5%
feel.
76%
feel
76%
feel.
76%
feel
76%
next
74.8%
so
69.2%
so
69.2%
so
69.2%
made
69.1%
made
69.1%
made
69.1%
made
69.1%
love,
66.7%
love
66.7%
love
66.7%
love
66.7%
love
66.5%
through
66.5%
through.
66.5%
my
65.4%
My
65.4%
my
65.4%
when
64.9%
when
64.9%
was
64.7%
was
64.7%
was
64.7%
was
64.7%
how
61.6%
wilderness.
61.5%
new.
60.5%
know
60.2%
'til
59.9%
beats
59.5%
beats,
59.5%
Yeah,
57.9%
Yeah,
57.9%
Yeah,
57.9%
Yeah,
57.7%
% Correct
shiny
57.3%
found
56%
Make
55.6%
make
55.6%
make
55.6%
make
55.6%
until
55.2%
can
55%
lost
51.6%
Didn't
50.8%
is
49.2%
of
48.3%
all
47.9%
all
47.9%
but
47.7%
Somehow
46.2%
incomplete.
46.2%
You're
45.1%
you're
45.1%
You're
45.1%
you're
45.1%
give
41.1%
fine,
38.5%
fine,
38.5%
sad
38.2%
end
38%
blue,
36.9%
been
36.5%
Been
36.5%
had.
35.9%
I'll
35.5%
'Cause
35.4%
'Cause
35.4%
boy.
34.4%
yours
32.9%
Gonna
31.8%
what
30.9%
I'd
30.4%
last.
28.6%
I've
28.4%
only
26.5%
hold
26.5%
fast.
26.3%
can't
26.2%
fading
25%
saving
24%
good
23.8%
nothing
22.4%
out,
22.2%
fear
22%
out,
22%
hide.
20.8%
Feels
19.4%
inside,
17.2%
cold.
16.1%
strong.
15.2%
Baby,
15.2%
scared
14.6%
thawed
11.3%
thawed
11.1%
bold.
9.9%

You're not logged in!

Compare scores with friends on all Sporcle quizzes.
OR
Log In

Show Comments

Extras

Top Quizzes Today


Score Distribution

Your Account Isn't Verified!

In order to create a playlist on Sporcle, you need to verify the email address you used during registration. Go to your Sporcle Settings to finish the process.

Report this User

Report this user for behavior that violates our Community Guidelines.

Details: